000 00405nam a2200157Ia 4500
008 230524s9999 xx 000 0 und d
082 _bEvj
100 _aBill Evjen
_924335
245 0 _aVisual Basic.Net Programming Bible
260 _aNEW DELHI
_bWiley
_c2003
300 _axxxii;1240
500 _aQuantity Number: 1
650 _aComp-Sc
700 _a" Jason Beres,et al,,,"
_924336
942 _cBK
999 _c35908
_d35908